[Event "Quebec op U2000"]
[Site "Ste Foy"]
[Date "2017.08.17"]
[Round "7.31"]
[White "Bolduc, Olivier"]
[Black "Jobin, Rock"]
[Result "1/2-1/2"]
[WhiteElo "1593"]
[BlackElo "1617"]
[PlyCount "146"]
[EventDate "2017.08.12"]
[EventType "swiss"]
[EventRounds "9"]
[EventCountry "CAN"]
[SourceTitle "EXT 2022"]
[Source "ChessBase"]
[SourceDate "2021.10.06"]
[SourceVersion "1"]
[SourceVersionDate "2021.10.06"]
[SourceQuality "1"]

1. d4 Nf6 2. Nf3 g6 3. Bf4 d6 4. Nbd2 Bg7 5. h3 Nd5 6. Bh2 c5 7. c3 cxd4 8. cxd4 0-0 9. e4 Nb6 10. Be2 Nc6 11. Nb3 Nd7 12. 0-0 a5 13. Rb1 a4 14. Na1 Qb6 15. Nc2 Rd8 16. d5 Nb4 17. a3 Nxc2 18. Qxc2 Nc5 19. Nd2 Bd7 20. Nc4 Qa7 21. Bf4 Bb5 22. Be3 Bxc4 23. Bxc4 Qa5 24. Bd2 Qc7 25. Be2 Qb8 26. Bb4 Rc8 27. Bg4 Rc7 28. Bxc5 Rxc5 29. Qd2 Qc7 30. Rbc1 Raa5 31. Rxc5 Rxc5 32. Bd1 b5 33. Qb4 h5 34. Be2 Qb6 35. Bd3 Kf8 36. Kh1 Bf6 37. g3 e6 38. dxe6 fxe6 39. f4 Kg7 40. h4 Bd8 41. Qd4+ Kg8 42. Qe3 Qc7 43. f5 exf5 44. exf5 Qb7+ 45. Kh2 Re5 46. Qh6 Qg7 47. Qxg6 Bf6 48. Qxg7+ Kxg7 49. Rc1 Rc5 50. Rxc5 dxc5 51. Bxb5 Bxb2 52. Bxa4 Kf6 53. Bc2 Bxa3 54. Kh3 Bb2 55. g4 hxg4+ 56. Kxg4 Kg7 57. Kg5 Bf6+ 58. Kg4 Bc3 59. Kf3 Bd4 60. Ke4 Bb2 61. Bd1 Bc3 62. Kd5 Bb2 63. Kxc5 Ba1 64. Kd6 Bb2 65. Ke6 Bc3 66. Ba4 Bb2 67. Be8 Bc3 68. Bg6 Bb2 69. Kd5 Ba1 70. Ke4 Bb2 71. Kf4 Ba1 72. Kg4 Bb2 73. h5 Ba1 1/2-1/2

[Event "Montreal op U2000"]
[Site "Montreal"]
[Date "2016.09.11"]
[Round "5.40"]
[White "Saine, Zachary"]
[Black "Bolduc, Olivier"]
[Result "1-0"]
[WhiteElo "1822"]
[BlackElo "1495"]
[PlyCount "112"]
[EventDate "2016.09.09"]
[EventType "swiss"]
[EventRounds "5"]
[EventCountry "CAN"]
[SourceTitle "EXT 2022"]
[Source "ChessBase"]
[SourceDate "2021.10.06"]
[SourceVersion "1"]
[SourceVersionDate "2021.10.06"]
[SourceQuality "1"]

1. e4 c6 2. c4 d5 3. cxd5 cxd5 4. e5 e6 5. d4 Ne7 6. Bd3 Nbc6 7. Ne2 Bd7 8. Nbc3 Rc8 9. a3 a6 10. 0-0 Nf5 11. Bxf5 exf5 12. Nxd5 Be6 13. Ndc3 Bc4 14. Re1 Be7 15. Be3 0-0 16. f4 f6 17. d5 Nxe5 18. fxe5 fxe5 19. Bf2 Bd6 20. Rc1 Qf6 21. b4 b5 22. Ng3 g6 23. Nce2 Rc7 24. Qd2 h5 25. Nc3 h4 26. Nf1 g5 27. Be3 Rg7 28. Qf2 Rff7 29. Nd2 g4 30. g3 hxg3 31. hxg3 Rh7 32. Nxc4 bxc4 33. Bc5 Qh8 34. Qg2 Bb8 35. d6 e4 36. Nxe4 fxe4 37. Rxe4 Ba7 38. Re8+ Rf8 39. Rxf8+ Kxf8 40. d7+ Bxc5+ 41. bxc5 Qd4+ 42. Qf2+ Qxf2+ 43. Kxf2 Rxd7 44. Rxc4 Rc7 45. Ke3 Ke7 46. Kf4 Ke6 47. Kxg4 Kd5 48. Rc1 Rxc5 49. Rxc5+ Kxc5 50. Kf4 Kd6 51. Kf5 Ke7 52. Kg6 Kf8 53. a4 a5 54. g4 Kg8 55. g5 Kh8 56. Kf7 Kh7 1-0

[Event "Quebec-ch U16"]
[Site "Montreal"]
[Date "1993.02.26"]
[Round "2"]
[White "Bolduc, Olivier"]
[Black "Hua, Lefong"]
[Result "0-1"]
[WhiteElo "1495"]
[BlackElo "1907"]
[PlyCount "48"]
[EventDate "1993.02.25"]
[EventType "tourn"]
[EventRounds "7"]
[EventCountry "CAN"]
[SourceTitle "EXT 2022"]
[Source "ChessBase"]
[SourceDate "2021.10.06"]
[SourceVersion "1"]
[SourceVersionDate "2021.10.06"]
[SourceQuality "1"]

1. e4 c5 2. Nc3 Nc6 3. g3 g6 4. Bg2 Bg7 5. f4 d6 6. Nf3 e6 7. d3 Nge7 8. 0-0 0-0 9. Be3 Nd4 10. Rb1 Rb8 11. Ne2 Nxf3+ 12. Rxf3 b5 13. Qf1 f5 14. exf5 Nxf5 15. Bd2 Bb7 16. Rf2 Qb6 17. c3 b4 18. g4 Ne7 19. Ng3 Bxg2 20. Qxg2 bxc3 21. Bc1 Bd4 22. Ne4 Bxf2+ 23. Qxf2 Nd5 24. b3 Nxf4 0-1

[Event "Quebec-ch U16"]
[Site "Montreal"]
[Date "1992.02.28"]
[Round "3"]
[White "Bolduc, Olivier"]
[Black "Soudre, Nicolas"]
[Result "1-0"]
[WhiteElo "1525"]
[BlackElo "1560"]
[PlyCount "59"]
[EventDate "1992.02.27"]
[EventType "tourn"]
[EventRounds "7"]
[EventCountry "CAN"]
[SourceTitle "EXT 2022"]
[Source "ChessBase"]
[SourceDate "2021.10.06"]
[SourceVersion "1"]
[SourceVersionDate "2021.10.06"]
[SourceQuality "1"]

1. e4 c5 2. Nc3 e6 3. g3 Nc6 4. Bg2 d6 5. d3 Be7 6. f4 Bd7 7. Nf3 a6 8. Be3 Nf6 9. 0-0 Ng4 10. Bd2 Qc7 11. f5 Nf6 12. fxe6 fxe6 13. Qe1 0-0 14. Rd1 b5 15. Be3 e5 16. Qd2 Rac8 17. Bg5 Nd4 18. Bxf6 Bxf6 19. Nd5 Qa7 20. Kh1 Nxf3 21. Bxf3 Bh3 22. Bg2 Bxg2+ 23. Qxg2 Rcd8 24. Rf5 Qd7 25. Rdf1 Qe6 26. Qf3 Be7 27. Qg4 Bf6 28. Rxf6 Rxf6 29. Nxf6+ Kf7 30. Nd5+ 1-0